| 000 | 00425nam a2200181Ia 4500 | ||
|---|---|---|---|
| 005 | 20251020182544.0 | ||
| 008 | 200515s9999 xx 000 0 und d | ||
| 082 | _a747/ID29/2 | ||
| 110 | _aIdea Fabrics in decorations : idea textil decoración | ||
| 245 | 0 | _aCortinas/Curtains | |
| 260 | _aBarcelona | ||
| 260 | _cs.a. | ||
| 300 | _a119 | ||
| 500 | _a1 ejemplar | ||
| 650 | _aCORTINAS | ||
| 650 | _aLIB | ||
| 942 | _cLIB | ||
| 999 |
_c2496 _d2496 |
||